Introduction to financial accounting. (9th ed.) (Record no. 47752)

MARC details
000 -LEADER
fixed length control field 00846nam a2200217 a 4500
008 - FIXED-LENGTH DATA ELEMENTS--GENERAL INFORMATION
fixed length control field 100323s2006 ||||||||||||||||| || u
020 ## - INTERNATIONAL STANDARD BOOK NUMBER
International Standard Book Number 0131968750
050 ## - LIBRARY OF CONGRESS CALL NUMBER
Classification number HF 5635 Hor
100 ## - MAIN ENTRY--PERSONAL NAME
Personal name Horngren, Charles T
245 10 - TITLE STATEMENT
Title Introduction to financial accounting. (9th ed.)
Statement of responsibility, etc. Charles T. Horngren; Gary L. Sundem; John A. Elliott; Donna R. Philbrick
250 ## - EDITION STATEMENT
Edition statement 9th ed.
260 ## - PUBLICATION, DISTRIBUTION, ETC.
Place of publication, distribution, etc. Upper Saddle River, NJ:
Name of publisher, distributor, etc. Pearson Education, Inc
Date of publication, distribution, etc. 2006
300 ## - PHYSICAL DESCRIPTION
Extent xx, 598p.: ill.
350 ## - PRICE (NR) (BK AM CF MU VM SE) [OBSOLETE]
Price 0.00
650 ## - SUBJECT ADDED ENTRY--TOPICAL TERM
Topical term or geographic name entry element FINANCIAL ACCOUNTING
650 #0 - SUBJECT ADDED ENTRY--TOPICAL TERM
Topical term or geographic name entry element ACCOUNTING--HANDBOOKS, MANUALS, ETC
700 ## - ADDED ENTRY--PERSONAL NAME
Personal name Philbrick, Donna R
700 ## - ADDED ENTRY--PERSONAL NAME
Personal name Elliott, John A
700 ## - ADDED ENTRY--PERSONAL NAME
Personal name Sundem, Gary L
995 ## - RECOMMENDATION 995 [LOCAL, UNIMARC FRANCE]
-- 0.00
-- CBU-MAIN LIBRARY (Kitwe)
-- 1
-- 0.00
-- 1
-- AVAILABLE
-- May 3, 2010
-- Main Library Open Access Collection
Holdings
Withdrawn status Lost status Source of classification or shelving scheme Damaged status Not for loan Home library Current library Shelving location Date acquired Total Checkouts Full call number Barcode Date last seen Price effective from Koha item type
          CBU-MAIN LIBRARY, KITWE. CBU-MAIN LIBRARY, KITWE.   11/30/2022   HF 5635 Hor 741230 11/30/2022 11/30/2022 MONOGRAPH